السياسة والسلطة / (رقم التسجيلة. 29514)

تفاصيل مارك
000 -الفاتح
حقل البيانات ثابتة الطول 00814nam a22002417a 4500
003 - محدد رقم الضبط
رقم الضبط OSt
005 - وقت وتاريخ اخر تعامل مع التسجيلة
رقم الضبط 20150408114130.0
008 - عناصر البيانات ثابتة الطول - معلومات عامة
حقل البيانات ثابتة الطول 130414s2012 ts ||||g |||| 00| 0 ara d
020 ## - الرقم الدولى المعيارى للكتب
الرقم الدولى المعيارى للكتاب 9789948145455
020 ## - الرقم الدولى المعيارى للكتب
الرقم الدولى المعيارى للكتاب 9789948145448
040 ## - مصدر الفهرسة
وكالة الفهرسة الأصلية MU
لغة الفهرسة ara
082 04 - رقم تصنيف ديوى العشرى
رقم الطبعة 21
رقم التصنيف 306.2
رقم المادة ك و س
100 1# - المدخل الرئيسى - إسم شخصى
الإسم الشخصى كيد، وورين
9 (RLIN) 35131
245 12 - بيان العنوان
العنوان السياسة والسلطة /
بيان المسئوليه,etc وورين كيد، كارين لج، فيليب هراري.
250 ## - بيان الطبعة
بيان الطبعة ط. 1.
260 ## - PUBLICATION, DISTRIBUTION, ETC. (IMPRINT)
مكان الناشر او الموزع [أبو ظبي] :
اسم الناشر او الموزع مركز الإمارات للدراسات والبحوث الاستراتيجية،
تاريخ النشر أو التوزيع 2012
-- [1433]
300 ## - الوصف المادى
التعداد 316 ص.
650 #4 - المدخل الاضافى بالموضوع-مصطلح موضوعى
مصطلح موضوعي أو اسم جغرافي كعنصر مدخل علم الاجتماع السياسي
9 (RLIN) 21061
650 #4 - المدخل الاضافى بالموضوع-مصطلح موضوعى
مصطلح موضوعي أو اسم جغرافي كعنصر مدخل السلطة
700 1# - المدخل الاضافى - اسم شخصى
الإسم الشخصى لج، كارين
9 (RLIN) 35132
700 1# - المدخل الاضافى - اسم شخصى
الإسم الشخصى هراري، فيليب
9 (RLIN) 35133
942 ## -
-- ddc
-- BOOK
999 ## -
-- 29514
-- 264014
المقتنيات
حالة الفقد نموذج السعر الفعال حالة تلف ليس للاعارة رقم الطلب تاريخ الاكتساب Serial Enumeration / chronology الباركود الفرع الرئيسي Date last seen نوع المادة فى نظام كوها مصدر التصنيف او خطة الترفيف Total Checkouts
  2013-10-27     306.2 ك و س 2013-10-27 CL 00118388 المكتبة المركزية بالمجمعة (CL) 2013-10-27 كتاب Dewey Decimal Classification  
  2013-10-27     306.2 ك و س 2013-10-27 CL 00118389 المكتبة المركزية بالمجمعة (CL) 2013-10-27 كتاب Dewey Decimal Classification  
  2013-10-27     306.2 ك و س 2013-10-27 CL 00118390 المكتبة المركزية بالمجمعة (CL) 2013-10-27 كتاب Dewey Decimal Classification  
  2013-10-27     306.2 ك و س 2013-10-27 IC 00118393 قسم الاجراءات الفنية (IC) 2013-10-27 كتاب Dewey Decimal Classification  
  2013-10-27     306.2 ك و س 2013-10-27 IC 00118394 قسم الاجراءات الفنية (IC) 2013-10-27 كتاب Dewey Decimal Classification  
  2013-10-27     306.2 ك و س 2013-10-27 SZM 00118391 مكتبة مجمع الكليات بالزلفى - طلاب (SZM) 2016-10-03 كتاب Dewey Decimal Classification  
  2013-10-27     306.2 ك و س 2013-10-27 SZM 00118392 مكتبة مجمع الكليات بالزلفى - طلاب (SZM) 2013-10-27 كتاب Dewey Decimal Classification